000 02400nam a2200277 a 4500
008 190620s2013 ||||||||||||||||| || u
020 _a9781416063803
050 _aRB 33 Net
100 _aNetter, Frank H
245 1 4 _aThe Netter collection of medical illustrations : musculoskeletal system : Part I - upper limb. (2nd edition ) Volume 6
_cby Frank H. Netter
250 _a2nd edition
260 _aPhiladelphia
_bElsevier Saunders
_c2013
300 _axiv, 225 pages : illustrations
650 _aARM--ANATOMY
650 3 _aMUSCULOSKELETAL SYSTEM--ANATOMY AND HISTOLOGY
995 _aMICHAEL CHILUFYA SATA OPEN ACCESS
_D82.60
_e904286
_FCBU-SCHOOL OF MEDICINE LIBRARY (Ndola)
_jRB 33 Net
_M4
_UAVAILABLE
_WJun 24, 2019
_y904286
_ZMedical Library Open Access Collection
995 _aMICHAEL CHILUFYA SATA OPEN ACCESS
_e904778
_FCBU-SCHOOL OF MEDICINE LIBRARY (Ndola)
_jRB 33 Net
_M9
_UAVAILABLE
_WFeb 7, 2020
_y904778
_ZMedical Library Open Access Collection
995 _aMICHAEL CHILUFYA SATA OPEN ACCESS
_e904779
_FCBU-SCHOOL OF MEDICINE LIBRARY (Ndola)
_jRB 33 Net
_M10
_UAVAILABLE
_WFeb 7, 2020
_y904779
_ZMedical Library Open Access Collection
995 _aMAIN LIBRARY OPEN ACCESS
_e750123
_FCBU-MAIN LIBRARY (Kitwe)
_jRB 33 Net
_M4
_UAVAILABLE
_WJan 28, 2020
_y750123
_ZMedical Library Open Access Collection
995 _aMAIN LIBRARY OPEN ACCESS
_e750124
_FCBU-MAIN LIBRARY (Kitwe)
_jRB 33 Net
_M6
_UAVAILABLE
_WJan 28, 2020
_y750124
_ZMedical Library Open Access Collection
995 _aMICHAEL CHILUFYA SATA OPEN ACCESS
_D82.60
_e904296
_FCBU-SCHOOL OF MEDICINE LIBRARY (Ndola)
_jRB 33 Net
_M2
_UAVAILABLE
_WJun 24, 2019
_y904296
_ZMedical Library Open Access Collection
995 _aMICHAEL CHILUFYA SATA OPEN ACCESS
_D82.60
_e904297
_FCBU-SCHOOL OF MEDICINE LIBRARY (Ndola)
_jRB 33 Net
_M1
_UAVAILABLE
_WJun 24, 2019
_y904297
_ZMedical Library Open Access Collection
995 _aMICHAEL CHILUFYA SATA OPEN ACCESS
_e904776
_FCBU-SCHOOL OF MEDICINE LIBRARY (Ndola)
_jRB 33 Net
_M7
_UAVAILABLE
_WFeb 7, 2020
_y904776
_ZMedical Library Open Access Collection
995 _aMICHAEL CHILUFYA SATA OPEN ACCESS
_e904777
_FCBU-SCHOOL OF MEDICINE LIBRARY (Ndola)
_jRB 33 Net
_M8
_UAVAILABLE
_WFeb 7, 2020
_y904777
_ZMedical Library Open Access Collection
995 _aMICHAEL CHILUFYA SATA OPEN ACCESS
_D82.60
_e904289
_FCBU-SCHOOL OF MEDICINE LIBRARY (Ndola)
_jRB 33 Net
_M3
_UAVAILABLE
_WJun 24, 2019
_y904289
_ZMedical Library Open Access Collection
999 _c78750
_d78750